Felles implementering av klimatiltak.

Saved in:
Bibliographic Details
Corporate Author: Nordic Council of Ministers.
Format: Book
Language:Norwegian
Published: København : Nordisk Ministerråd, c1995.
Series:TemaNord ; 1995:616.
TemaNord. Energi.
Subjects:
Tags: Add Tag
No Tags, Be the first to tag this record!
LEADER 01077nam a2200313Ia 4500
001 007581340-8
005 20090417004851.0
008 040303s1995 dk a b 000 0 nor d
020 |a 9291207594 
035 0 |a ocm54522594 
040 |a TEF  |c TEF  |d HLS 
090 |a QC981.8.C5  |b F45 1995 
245 0 0 |a Felles implementering av klimatiltak. 
260 |a København :  |b Nordisk Ministerråd,  |c c1995. 
300 |a 62 p. :  |b ill. ;  |c 30 cm. 
490 1 |a Energi / Nordic Council of Ministers 
490 1 |a TemaNord,  |x 0908-6692 ;  |v 1995:616 
504 |a Includes bibliographical references (p. 61-62). 
650 0 |a Climatic changes  |x International cooperation. 
650 0 |a Environmental protection  |x International cooperation. 
650 0 |a Environmental policy  |x International cooperation. 
650 0 |a Sustainable development. 
650 0 |a Environmental monitoring. 
650 0 |a Offenses against the environment. 
710 2 |a Nordic Council of Ministers. 
830 0 |a TemaNord ;  |v 1995:616.  |x 0908-6692 
830 0 |a TemaNord.  |p Energi. 
988 |a 20020608 
906 |0 OCLC